| 000 | 01228nac a22003011i 4500 | ||
|---|---|---|---|
| 003 | EG-ScBUE | ||
| 005 | 20240714085629.0 | ||
| 008 | 100721s2006 sy f 000 0 ara d | ||
| 020 | _a159239423X | ||
| 020 | _a9781592394234 | ||
| 040 |
_aEG-ScBUE _bara _erda _cEG-ScBUE _dEG-ScBUE |
||
| 041 | 0 |
_aara _bara _beng |
|
| 082 | 0 | 4 |
_a297.57 _bن ب ي _222 |
| 100 | 1 |
_aبن نبي، مالك، _d1905-1973، _eمؤلف. _916548 |
|
| 245 | 1 | 0 |
_aمجالس دمشق : _bمحاضرات ألقيت في عامي 1971-1972 : حول دور المسلم ورسالته في الثلث الأخير من القرن العشرين / _cمالك بن نبي. |
| 250 | _aالطبعة الثانية. | ||
| 264 | 1 |
_aدمشق : _bدار الفكر، _c2006. |
|
| 300 |
_a188 صفحة ؛ _c24 سم. |
||
| 336 |
_2rdacontent _aنص _btxt |
||
| 337 |
_aبدون وسيط _2rdamedia _bn |
||
| 338 |
_aمجلد _bnc _2rdacarrier |
||
| 490 | 0 | _aمشكلات الحضارة | |
| 546 | _aيشتمل على ملخص باللغتين العربية والإنجليزية. | ||
| 650 | 7 |
_aالمسلمون _915170 _xأحوال شخصية. _2BUEsh |
|
| 650 | 7 |
_aالحياة الدينية (إسلام). _2BUEsh |
|
| 655 | _vReading book | ||
| 942 |
_cBB _2ddc |
||
| 999 |
_c8134 _d8134 |
||